Thyroid enlargement in Africa : with special reference to the Nile Basin /
Main Author:
Format: Book
Language: English
Published:
Cairo :
National Information and Documentation Centre,
1965.
Series:
Memoires de l'Institut d'Egypte ;
58.
MIE ;
58.
Subjects:
Tags: Add Tag
Call Number: DT43 .I625 v.58
| LEADER | 00956namaa2200301 4500 | ||
|---|---|---|---|
| 001 | 18890 | ||
| 003 | OSt | ||
| 005 | 20260317115302.0 | ||
| 008 | 130303s1965 ua ab 000 0 eng d | ||
| 010 | |a ne 68004666 | ||
| 040 | |c ARCE Library | ||
| 043 | |a f------ | ||
| 050 | 4 | |a DT43 .I625 v.58 | |
| 100 | 1 | |a Ghalioungui, Paul, |e author |9 30658 | |
| 245 | 1 | 0 | |a Thyroid enlargement in Africa : |b with special reference to the Nile Basin / |c Paul Ghalioungui. |
| 264 | 1 | |a Cairo : |b National Information and Documentation Centre, |c 1965. | |
| 300 | |a 132 pages : |b illustrations, maps ; |c 24 cm. | ||
| 490 | 1 | |a Memoires de l'Institut d'Egypte ; |v 58. | |
| 490 | 1 | |a MIE ; |v 58. | |
| 546 | |a Added t.p. in Arabic. | ||
| 650 | 0 | |a Goiter |z Africa. | |
| 650 | 0 | |a Medical geography |z Africa. | |
| 650 | 2 | |a Goiter |x epidemiology. | |
| 830 | 0 | |a Memoires de l'Institut d'Egypte ; |v 58. | |
| 830 | 0 | |a MIE ; |v 58. | |
| 901 | |a reviewed | ||
| 942 | |c BK |2 lcc | ||
| 999 | |c 15954 |d 15954 | ||
